000 00450nam a2200169 4500
003 SEACOMEC
005 20231221125518.0
008 231221b |||||||| |||| 00| 0 eng d
040 _aSEACOMEC
082 1 _a621.0287
_bB397
100 1 _aApplied sciences,Applied physics
245 1 _aMechanical measurements
_cThomas G. Maragmi
250 1 _a5 th ed.
260 1 _aDelhi
_bPearson
_c2004
650 _aApplied sciences,Applied physics
942 _cBOOK
999 _c272
_d272